Zvýšení manažerské kompetence - rozhodující podmínka prosperity podniku

Manažment - rozhodujúci faktor trhového úspechu firmy. Výber najschopnejších ľudí na manažérske miesta. Osobný rozvoj manažérov. Prednosti a nevýhody systému.

Gespeichert in:
Bibliographische Detailangaben
1. Verfasser: Vácha, S.
Format: Buchkapitel
Sprache:Tschechisch
Schlagworte:
Tags: Tag hinzufügen
Keine Tags, Fügen Sie das erste Tag hinzu!

MARC

LEADER 00000naa a2200000 4500
001 r014344
005 20221213083137.6
041 0 |a cze 
044 |a CZ 
245 1 0 |a Zvýšení manažerské kompetence - rozhodující podmínka prosperity podniku  |c S. Vácha 
520 |a Manažment - rozhodujúci faktor trhového úspechu firmy. Výber najschopnejších ľudí na manažérske miesta. Osobný rozvoj manažérov. Prednosti a nevýhody systému. 
610 2 0 |a manažment 
610 2 0 |a manažéri 
610 2 0 |a riadenie podnikové 
610 2 0 |a stratégia podniková 
610 2 0 |a rozvoj pracovníkov 
610 2 0 |a pracovníci riadiaci 
100 1 |a Vácha, S.